Normal view
MARC view
Entry Topical Term
001 - CONTROL NUMBER
- control field: 344994
003 - CONTROL NUMBER IDENTIFIER
- control field:
005 - DATE AND TIME OF LATEST TRANSACTION
- control field: 20210602105758.0
008 - FIXED-LENGTH DATA ELEMENTS
- fixed length control field: 210602|| aca||aabn | a|a d
040 ## - CATALOGING SOURCE
- Original cataloging agency:
- Transcribing agency:
150 ## - HEADING--TOPICAL TERM
- Topical term or geographic name entry element: Technology transfer
- General subdivision: Economic aspects
- Geographic subdivision: Soviet Union
670 ## - SOURCE DATA FOUND
- Source citation: Work cat.: (): Mehrotra, Santosh K. 344992, India and the Soviet Union :, 1990
